MEMENTO MEI. DIARIO EUCARISTICO. (Record n. 266210)
[ formato base ]
| 000 -LEADER | |
|---|---|
| fixed length control field | 01241nam a2200229Ia 4500 |
| 001 - CONTROL NUMBER | |
| control field | L232-7028 |
| 003 - CONTROL NUMBER IDENTIFIER | |
| control field | IT-CnALBA |
| 008 - FIXED-LENGTH DATA ELEMENTS--GENERAL INFORMATION | |
| fixed length control field | 170116s9999||||xx |||||||||||||| ||und|| |
| 040 ## - CATALOGING SOURCE | |
| Original cataloging agency | IT-CnALBA |
| Transcribing agency | IT-CnALBA |
| 041 ## - LANGUAGE CODE | |
| Language code of text/sound track or separate title | ITALIANO |
| 999 ## - SYSTEM CONTROL NUMBERS (KOHA) | |
| Koha Dewey Subclass [OBSOLETE] | SI |
| 100 ## - MAIN ENTRY--PERSONAL NAME | |
| Personal name | MACCHI GUIDO, DIACONO |
| 245 #0 - TITLE STATEMENT | |
| Title | MEMENTO MEI. DIARIO EUCARISTICO. |
| 250 ## - EDITION STATEMENT | |
| Edition statement | 1a ed. |
| 260 ## - PUBLICATION, DISTRIBUTION, ETC. (IMPRINT) | |
| Place of publication, distribution, etc. | MILANO. BA. BOLOGNA |
| Name of publisher, distributor, etc. | SALESIANA. SC. TIP. |
| Date of publication, distribution, etc. | 1906 [1° Ed.:1906 - Ed.Ling.Originale: 1906] |
| 300 ## - PHYSICAL DESCRIPTION | |
| Extent | 148 p. (prefazione: 56) |
| 500 ## - GENERAL NOTE | |
| General note | OPERA POSTUMA. CENNI BIOGRAFICI. DESIDERIO DI AMICIZIA. DONO DI DIO. SLANCIO VERSO GESÙ. FEDE IN GESÙ. GESÙ PADRONE DEL CUORE. OFFERTA. OBBEDIENZA DI GESÙ NEL SACRAMENTO. POVERTÀ BONTÀ DI GESÙ. EFFUSIONI. PRESEPIO. OLIVETO. CALVARIO. RISURREZIONE. TRISTEZ |
| 501 ## - WITH NOTE | |
| With note | Società San Paolo EM - Piazza San Paolo, 14 - 12051 ALBA (CN) (non commercial uses only) ® Copyright 2017 |
| 520 ## - SUMMARY, ETC. | |
| Summary, etc. | OPERA POSTUMA. CENNI BIOGRAFICI. DESIDERIO DI AMICIZIA. DONO DI DIO. SLANCIO VERSO GESÙ. FEDE IN GESÙ. GESÙ PADRONE DEL CUORE. OFFERTA. OBBEDIENZA DI GESÙ NEL SACRAMENTO. POVERTÀ BONTÀ DI GESÙ. EFFUSIONI. PRESEPIO. OLIVETO. CALVARIO. RISURREZIONE. TRISTEZ |
| 650 ## - SUBJECT ADDED ENTRY--TOPICAL TERM | |
| Topical term or geographic name as entry element | VITA E MISTERO DI CRISTO |
| 942 ## - ADDED ENTRY ELEMENTS (KOHA) | |
| Koha item type | LIBRO |
| 957 ## - | |
| -- | 1 |
| 999 ## - SYSTEM CONTROL NUMBERS (KOHA) | |
| -- | Copie: 1 |
| Withdrawn status | Lost status | Damaged status | Not for loan | Home library | Current library | Date acquired | Total Checkouts | Full call number | Date last seen | Price effective from | Koha item type | Public note |
|---|---|---|---|---|---|---|---|---|---|---|---|---|
| Buone Condizioni | Not For Loan | ALBA - Biblioteca | ALBA - Biblioteca | 16/01/2017 | L232-7028 | 16/01/2017 | 16/01/2017 | LIBRO | (data import: 16 gennaio 2017) - By Epidotti, Vaglietti. |